000 00526nam a2200181Ia 4500
999 _c32355
_d32355
003 OSt
005 20200724133223.0
008 190216s9999||||xx |||||||||||||| ||und||
020 _a9780470146194
040 _coclc
082 _a515.7
_bPRO/F
100 _aPromislow, S David
_93739
245 2 _aA First Course In Functional Analysis /
_cS David Promislow
260 _bJohn Wiley,
_c2008.
_aNew Jersey:
300 _a307p
650 _aMathematics
942 _cBK
_2ddc
_h515.7
_iPRO/F
_k515.7
_mPRO/F